BIBLIOTECA “JULIO CORTÁZAR”
ESCUELA AGROTÉCNICA “LIBERTADOR GENERAL SAN MARTÍN” - UNR – CASILDA

Logo Escuela Logo UNR

Algebra y Trigonometría / (Record no. 193)

MARC details
000 -LEADER
campo de control de longitud fija 00783nam#a22003015ar4500
001 - NÚMERO DE CONTROL
campo de control 193
008 - DATOS DE LONGITUD FIJA--INFORMACIÓN GENERAL
campo de control de longitud fija 060404s1998####mx#aco#d#####|||1#||spa|d
020 ## - NÚMERO INTERNACIONAL ESTÁNDAR DEL LIBRO
Número Internacional Estándar del Libro 9684442971
080 ## - NÚMERO DE LA CLASIFICACIÓN DECIMAL UNIVERSAL
Número de la Clasificación Decimal Universal 512.5
084 ## - OTRO NÚMERO DE CLASIFICACIÓN
Número de clasificación S61
040 ## - FUENTE DE CATALOGACIÓN
Centro catalogador/agencia de origen AR-ClEAG
Centro/agencia transcriptor AR-ClEAG
005 - FECHA Y HORA DE LA ÚLTIMA TRANSACCIÓN
campo de control 20241107184627.0
003 - IDENTIFICADOR DE NÚMERO DE CONTROL
campo de control AR-ClEAG
100 1# - ENTRADA PRINCIPAL--NOMBRE DE PERSONA
Nombre de persona Smith, Stanley A.
245 10 - MENCIÓN DEL TÍTULO
Título Algebra y Trigonometría /
Mención de responsabilidad, etc. Stanley A. Smith, Randall L. Charles, Jhon A Dossey.
250 ## - MENCION DE EDICION
Mención de edición 1ª ed.
260 ## - PUBLICACIÓN, DISTRIBUCIÓN, ETC.
Lugar de publicación, distribución, etc. México :
Nombre del editor, distribuidor, etc. Addison Wesley Longman,
Fecha de publicación, distribución, etc. 1998.
300 ## - DESCRIPCIÓN FÍSICA
Extensión 1027 p. :
Otras características físicas il., fot. ;
Dimensiones 18 cm.
653 ## - TÉRMINO DE INDIZACIÓN--NO CONTROLADO
Término no controlado Números Reales
653 ## - TÉRMINO DE INDIZACIÓN--NO CONTROLADO
Término no controlado Algebra
653 ## - TÉRMINO DE INDIZACIÓN--NO CONTROLADO
Término no controlado Ecuaciones
653 ## - TÉRMINO DE INDIZACIÓN--NO CONTROLADO
Término no controlado Desigualdades
653 ## - TÉRMINO DE INDIZACIÓN--NO CONTROLADO
Término no controlado Potencias
653 ## - TÉRMINO DE INDIZACIÓN--NO CONTROLADO
Término no controlado Raices
700 1# - ENTRADA AGREGADA--NOMBRE PERSONAL
Nombre de persona Charles, Randall L.
700 1# - ENTRADA AGREGADA--NOMBRE PERSONAL
Nombre de persona Dossey, Jhon A.
942 ## - ELEMENTOS DE ENTRADA SECUNDARIOS (KOHA)
Tipo de ítem Koha Libros
980 ## - EQUIVALENCIA O REFERENCIA-CRUZADA-MENCIÓN DE SERIE--NOMBRE DE PERSONA/TÍTULO [LOCAL, CANADÁ]
Enlace 2
Nombre de persona Evangelina Gallicchio
Enlace entre campo y número de secuencia 2
Información miscelánea Evangelina Gallicchio
Holdings
Estatus retirado Estado de pérdida Fuente del sistema de clasificación o colocación Estado de daño No para préstamo Biblioteca de origen Biblioteca actual Ubicación en estantería Fecha de adquisición Número de inventario Total de préstamos Signatura topográfica completa Código de barras Visto por última vez Precio de reemplazo Tipo de ítem Koha
    Clasificación decimal universal     Julio Cortázar Julio Cortázar   07/11/2024 360   R-07 512.5 S61 1 1 Ej.1 360 07/11/2024 07/11/2024 Libros

Contacto

Biblioteca Julio Cortázar. Escuela Agrotécnica "Libertador San Martín". Universidad Nacional de Rosario
Dirección: Ov. Lagos 1000 - 2170 Casilda - Santa Fe - Argentina
Tel: (54) (03464) 422226.
Fax: (54) (03464) 427789.
E-Mail: biblio-eac@unr.edu.ar